Externality a možnosti jejich řešení sborník referátů z teoretického semináře ... v Brně ve spolupráci s Asociací veřejné ekonomie

Gespeichert in:
Bibliographische Detailangaben
Weitere Verfasser: Malý, Ivan
Format: Buch
Sprache:Tschechisch
Slowakisch
Veröffentlicht: Brno Masarykova univerzita v Brně 1998
Schlagworte:
Tags: Tag hinzufügen
Keine Tags, Fügen Sie das erste Tag hinzu!

MARC

LEADER 00000nam a2200000 4500
001 c109009
005 20221109093446.1
020 |a 80-210-1884-4 
041 0 |a cze 
041 0 |a slo 
044 |a CZ 
245 1 0 |a Externality a možnosti jejich řešení  |b sborník referátů z teoretického semináře ... v Brně ve spolupráci s Asociací veřejné ekonomie  |c [uspořádal: Ivan Malý] 
264 1 |a Brno  |b Masarykova univerzita v Brně  |c 1998 
300 |a 195 s. 
610 2 0 |a ekonómia 
610 2 0 |a veda ekonomická 
610 2 0 |a externality 
610 2 0 |a dotácie 
610 2 0 |a náklady spoločensky nevyhnutné 
610 2 0 |a modelovanie 
610 2 0 |a financovanie 
610 2 0 |a odvetvia činnosti ekonomickej 
610 2 0 |a vzdelávanie 
610 2 0 |a školy vysoké 
610 2 0 |a transformácia 
610 2 0 |a intervencionizmus štátny 
610 2 0 |a bývanie 
610 2 0 |a prostredie životné 
610 2 0 |a poľnohospodárstvo 
610 2 0 |a lokalizácia 
610 2 0 |a administratíva 
700 1 |a Malý, Ivan